| 000 | 00746cam a2200229 4500 | ||
|---|---|---|---|
| 001 | BPLZ000056 | ||
| 008 | t1991 mx a spa | ||
| 020 | _a9684229488 | ||
| 035 | _aBPLZ000056 | ||
| 050 | 0 | 4 |
_aQA 551 _bK55 1991 |
| 100 | 1 | _aKindle, Joseph H. | |
| 245 | 1 | 0 |
_aGeometría analítica : _bplana y del espacio / _cJoseph H. Kindler ; tr. Luis Gutiérrez Díez, Angel Gutiérrez Vázquez. |
| 250 | _a1a ed. | ||
| 260 |
_aMéxico : _bMcGraw-Hill, _cc1991 |
||
| 300 |
_a150 p.: _b il. ; _c23 cm. |
||
| 500 | _aTraducción de : Analytic geometriy | ||
| 504 | _aIncluye indice | ||
| 650 | 7 |
_aGeometría analítica _2Lemb |
|
| 700 | 1 | _aGutiérrez Díez, Luis, tr. | |
| 700 | 1 | _aGutiérrez Vázquez, Angel, tr. | |
| 942 |
_2lcc _cLIB |
||
| 999 |
_c81981 _d81981 |
||